000 00452nam a2200133Ia 4500
008 100328s9999 xx 000 0 und d
082 _b57281
100 _aदेवधर विजय
245 _aहेरगिरीच्या थरारकथा
260 _bमंगलदीप
630 _aहेरगिरीच्या थरारकथा
730 _aहेरगिरीच्या थरारकथा
942 _cBOOK
999 _c543743
_d543740